Pruebas Y Evaluación Psicológicas (Record no. 23432)

MARC details
000 -LEADER
campo de control de longitud fija 01145cac a2200265 a 4500
003 - IDENTIFICADOR DE NÚMERO DE CONTROL
campo de control Co-PeBPM
005 - FECHA Y HORA DE LA ÚLTIMA TRANSACCIÓN
campo de control 20250218171200.0
008 - DATOS DE LONGITUD FIJA--INFORMACIÓN GENERAL
campo de control de longitud fija 231129e2006||||xx adko|||||||||| ||spa||
020 ## - NÚMERO INTERNACIONAL ESTÁNDAR DEL LIBRO
Número Internacional Estándar del Libro 9701029364
040 0# - FUENTE DE CATALOGACIÓN
Centro catalogador/agencia de origen Co-PeBPM
Lengua de catalogación spa
Centro/agencia transcriptor Co-PeBPM
Normas de descripción rda
041 ## - CÓDIGO DE IDIOMA
Código de lengua del texto/banda sonora o título independiente spa
082 04 - NÚMERO DE LA CLASIFICACIÓN DECIMAL DEWEY
Número de clasificación 153.94 C678p
Número de edición 22
100 1# - ENTRADA PRINCIPAL--NOMBRE DE PERSONA
Nombre de persona Cohen Jay, Ronald
Término indicativo de función/relación Autor
245 10 - MENCIÓN DEL TÍTULO
Título Pruebas Y Evaluación Psicológicas
Resto del título : Introducción A Las Pruebas Y A La Medición
Mención de responsabilidad, etc. / Ronald Jay Cohen
260 ## - PUBLICACIÓN, DISTRIBUCIÓN, ETC.
Lugar de publicación, distribución, etc. España
Nombre del editor, distribuidor, etc. : Editorias McGraw-Hill
Fecha de publicación, distribución, etc. , 2002
300 ## - DESCRIPCIÓN FÍSICA
Extensión 565 Páginas
Dimensiones ; 21 Centímetros
500 ## - NOTA GENERAL
Nota general Incluye Índice. Referencias, Glosario.
650 14 - PUNTO DE ACCESO ADICIONAL DE MATERIA--TÉRMINO DE MATERIA
Fuente del encabezamiento o término LEMB
Término de materia o nombre geográfico como elemento de entrada Pruebas De Aptitud
650 14 - PUNTO DE ACCESO ADICIONAL DE MATERIA--TÉRMINO DE MATERIA
Fuente del encabezamiento o término LEMB
Término de materia o nombre geográfico como elemento de entrada Pruebas Psicológicas
650 14 - PUNTO DE ACCESO ADICIONAL DE MATERIA--TÉRMINO DE MATERIA
Fuente del encabezamiento o término LEMB
Término de materia o nombre geográfico como elemento de entrada Psicometria
700 1# - ENTRADA AGREGADA--NOMBRE PERSONAL
Nombre de persona Swerdlik E, Mark
Término indicativo de función/relación Autor
700 1# - ENTRADA AGREGADA--NOMBRE PERSONAL
Nombre de persona Izquierdo Castañeda, María De Los Ángeles / Pontón Becerril, Susana / Padilla Sierra, Gloria Estela / Olivares Bari, Susana Margarita / Pérez De Lara Choy, María Isabel.
Término indicativo de función/relación Traductores
700 1# - ENTRADA AGREGADA--NOMBRE PERSONAL
Nombre de persona Sánchez Pérez, Gabriela / Montenegro Núñez, María Del Carmen / Murguía Díaz Muñoz, Enrique De Guadalupe.
Término indicativo de función/relación Revisión Técnica.
942 ## - ELEMENTOS DE ENTRADA SECUNDARIOS (KOHA)
Fuente del sistema de clasificación o colocación Clasificación Decimal Dewey
Tipo de ítem Koha Literatura
Holdings
Estatus retirado Estado de pérdida Fuente del sistema de clasificación o colocación Estado de daño No para préstamo Colección Biblioteca de origen Biblioteca actual Ubicación en estantería Fecha de adquisición Total de préstamos Signatura topográfica completa Código de barras Visto por última vez Copia número Precio de reemplazo Tipo de ítem Koha
    Clasificación Decimal Dewey     General BIBLIOTECA PÚBLICA MUNICIPAL RAMON CORREA MEJIA BIBLIOTECA PÚBLICA MUNICIPAL RAMON CORREA MEJIA Colección general 01/09/2009   153.94 C678p 05368 29/11/2023 Ej.1 29/11/2023 Literatura

Powered by Koha